000
00324nam a2200121 a 4500
005
20141022141959.0
008
120306s19uu xx 00 eng d
050
_a
CD
_b
W44 2000
100
_a
Wells, Nicholas
245
_a
Guide to linux installation and administration /
_c
Nicholas Wells.
260
_c
2000.
942
_c
AVM
999
_c
276120
_d
276120